A fiatalok intézményi kultúrafogyasztása Kiskőrös városban
| Szerző: | |
|---|---|
| További közreműködők: | |
| Dokumentumtípus: | Diplomadolgozat |
| Kulcsszavak: | intézmény Kiskőrös közösség kultúra Z generáció |
| Online Access: | http://dolgozattar.uni-bge.hu/59855 |
MARC
| LEADER | 00000nta a2200000 i 4500 | ||
|---|---|---|---|
| 001 | dolg59855 | ||
| 005 | 20260409145645.0 | ||
| 008 | 260409suuuu hu om 000 hun d | ||
| 040 | |a BGE Dolgozattár Repozitórium |b hun | ||
| 041 | |a hu | ||
| 100 | 1 | |a Németh Hanga | |
| 245 | 1 | 2 | |a A fiatalok intézményi kultúrafogyasztása Kiskőrös városban |c Németh Hanga |h [elektronikus dokumentum] |
| 520 | 3 | |a A szakdolgozatom témája a Kiskőrösön élő fiatalok intézményi kultúrafogyasztása. Annakokait kerestem, hogy Kiskőrös miért nem elég vonzó helyszín a fiatalok számára.Kérdőívet, és fókuszcsoportos interjút használtam a kutatáshoz.Kiderült, hogy a fiatalok nem látogatják a kulturális intézményeket a városban, mert ezek nemtudnak újat mutatni számukra. Legfőképpen zenés eseményekre, nagyobb városokba utaznak,ha szórakozni akarnak.A kisváros méretéből fakadó szociális szorongás, hogy mindenki ismeri egymást, kifejezettenzavarja a fiatalokat a helyi szórakozásban. | |
| 695 | |a intézmény | ||
| 695 | |a Kiskőrös | ||
| 695 | |a közösség | ||
| 695 | |a kultúra | ||
| 695 | |a Z generáció | ||
| 700 | 1 | |a Joós Tamás |e ths | |
| 856 | 4 | 0 | |u http://dolgozattar.uni-bge.hu/59855/1/N%C3%A9meth%20Hanga_Szakdolgozat.pdf |z Dokumentum-elérés |
| 856 | 4 | 0 | |u http://dolgozattar.uni-bge.hu/59855/2/N%C3%A9meth%20Hanga%20konzulensi%20%C3%A9rt%C3%A9kel%C3%A9s.pdf |z Dokumentum-elérés |
| 856 | 4 | 0 | |u http://dolgozattar.uni-bge.hu/59855/3/N%C3%A9methHanga.pdf |z Dokumentum-elérés |